| 000 | 00564nam a2200181Ia 4500 | ||
|---|---|---|---|
| 008 | 151202s9999||||xx |||||||||||||| ||und|| | ||
| 082 | _bPNVM-70762 | ||
| 100 | _aपै शिरीष. | ||
| 245 | _aनिवडक शिरीष पै. | ||
| 260 | _b"मनोरमा प्रकाशन ,दादर." | ||
| 260 | _c70762 | ||
| 300 | _a392 | ||
| 600 | _aपै शिरीष. | ||
| 630 | _aनिवडक शिरीष पै. | ||
| 700 | _aपै शिरीष. | ||
| 730 | _aनिवडक शिरीष पै. | ||
| 942 | _cBOOK | ||
| 999 |
_c1337269 _d1337266 |
||